Fußball WM Teilnehmer? #4 - Statistiken

Allgemein
  • Dieses Quiz wurde 264 mal gespielt
    50 seit der letzten Aktualisierung
  • Das Durchschnittsergebnis liegt bei 12 aus 15
Antwortstatistiken
Hint Antwort % Korrekt
Kanada Ja
100%
Belgien Ja
100%
Ecuador Ja
98%
Tunesien Ja
95%
Elfenbeinküste Ja
95%
Oman Nein
93%
Rumänien Ja
90%
Sri Lanka Nein
88%
Kasachstan Nein
78%
Bolivien Ja
76%
Irak Ja
66%
Israel Ja
61%
Finnland Nein
56%
Indonesien Ja
51%
Albanien Ja
49%
Keine übereinstimmenden Quizze gefunden
Verteilung der Resultate
Anzahl Personen mit jedem Resultat
Perzentil nach korrekt beantworteten Fragen
Ihre Resultats-Entwicklung
Sie haben dieses Quiz seit der letzten Aktualisierung nicht gespielt